000
00282nam a2200097Ia 4500
008
220204s9999 xx 000 0 und d
082
_a
338.45(540)
_b
IND
245
0
_a
Indian industries annual 1964-67, 1969
260
_a
India
_b
Survey of Indian economy, industry and engg
942
_c
BK
999
_c
21507
_d
21507